000 00417nam a2200145Ia 4500
008 220217s9999||||xx |||||||||||||| ||und||
020 _a9788131730713
082 _a658.84 CHO
100 _aChopra, Sunil Meindi, Peter and Kalra, D.V
_96803
245 0 _aSupply chain management
250 _a4th
260 _aPearson education of asia
_bNew Delhi
_c2012
300 _aXX, 555p.
_b495
650 _aMANAGEMENT
999 _c183638
_d183638